000 01256cam a22002054a 4500
005 20250605163947.0
008 250528s ||||||||||||||||||||||||d
035 _a15259
020 _a750619341
040 _aGR-AtMCL
_bgre
_dGR-AtMCL
_eAACR2
245 1 _aThe Japanese Advantage? / The It Battleground in Europe
260 _bButterworth Heinemann,
_c1995
300 _a246
520 _aThis book is of great interest to IT strategists and managers, as well as to MBA-level students and management academics with an interest in this fast-moving and dynamic area. Preface, Acknowledgements, Setting the Scene, Competition Between Japanese and Western Organizations, The Strategic Role of Information Technology, Japanese Culture and Japanese Management, Case Studies, All Nippon Airways Ltd, Daiwa Europe Ltd, Hitachi Europe Ltd, JVC (UK) Ltd, Kobe Steel Europe Ltd, Nissan Motor (GB) Ltd, Nissan Motor Manufacturing (UK) Ltd, Sony (UK) Ltd, Toshiba Information Systems (UK) Ltd, Weighing the Evidence, Japanese Management of IT, The Business Impact and Strategic Use of IT, Head Office Control, Eclipsing the Sun?, Index.
700 1 _aHunt Brian
_91151
700 1 _aTargett David
_91152
942 _cBK
999 _c852
_d852